El ALCA en debate : (Record no. 44301)

MARC details
000 -LEADER
campo de control de longitud fija 00827cam a2200241 4500
001 - NÚMERO DE CONTROL
campo de control 27421
005 - FECHA Y HORA DE LA ÚLTIMA TRANSACCIÓN
campo de control 20230410115608.0
008 - DATOS DE LONGITUD FIJA--INFORMACIÓN GENERAL
campo de control de longitud fija 060907n2001 ag spa
020 ## - NÚMERO INTERNACIONAL ESTÁNDAR DEL LIBRO
Número Internacional Estándar del Libro 950786301X
035 ## - NÚMERO DE CONTROL DEL SISTEMA
-- funglode27626
041 ## - CÓDIGO DE IDIOMA
Código de lengua del texto/banda sonora o título independiente spa
050 14 - SIGNATURA TOPOGRÁFICA DE LA BIBLIOTECA DEL CONGRESO
Número de clasificación HF 1770.5
Número de ítem A346 2001
245 03 - MENCIÓN DEL TÍTULO
Título El ALCA en debate :
Resto del título Una perspectiva desde las mujeres /
Mención de responsabilidad, etc. Normas Sanchis (editora)
260 ## - PUBLICACIÓN, DISTRIBUCIÓN, ETC.
Lugar de publicación, distribución, etc. Buenos Aires :
Nombre del editor, distribuidor, etc. Editorial Biblos :
-- [Red de] Género y Comercio :
-- UNIFEM,
Fecha de publicación, distribución, etc. c2001.
300 ## - DESCRIPCIÓN FÍSICA
Extensión 195 p. ;
Dimensiones 23 cm.
650 #0 - PUNTO DE ACCESO ADICIONAL DE MATERIA--TÉRMINO DE MATERIA
Término de materia o nombre geográfico como elemento de entrada Free trade
Subdivisión geográfica Latin America.
650 #0 - PUNTO DE ACCESO ADICIONAL DE MATERIA--TÉRMINO DE MATERIA
Término de materia o nombre geográfico como elemento de entrada Women in economic development
Subdivisión geográfica Latin America.
650 #0 - PUNTO DE ACCESO ADICIONAL DE MATERIA--TÉRMINO DE MATERIA
Término de materia o nombre geográfico como elemento de entrada Women
Subdivisión geográfica Latin America
Subdivisión general Economic conditions.
700 1# - ENTRADA AGREGADA--NOMBRE PERSONAL
Nombre de persona Sanchís, Norma.
700 1# - ENTRADA AGREGADA--NOMBRE PERSONAL
Nombre de persona Ahumada M., María Elena.
710 2# - ENTRADA AGREGADA--NOMBRE DE ENTIDAD CORPORATIVA
Nombre de entidad corporativa o nombre de jurisdicción como elemento de entrada Free Trade Area of the Americas (Organization).
942 ## - ELEMENTOS DE ENTRADA SECUNDARIOS (KOHA)
Fuente del sistema de clasificación o colocación Clasificación de Library of Congress
Tipo de ítem Koha
Holdings
Estatus retirado Estado de pérdida Fuente del sistema de clasificación o colocación Estado de daño No para préstamo Colección Biblioteca de origen Biblioteca actual Ubicación en estantería Fecha de adquisición Serial enumeration / chronology Signatura topográfica completa Código de barras Visto por última vez Copia número Tipo de ítem Koha
    Clasificación de Library of Congress     Ciencias Sociales Biblioteca Juan Bosch Biblioteca Juan Bosch Ciencias Sociales (3er. Piso) 24/10/2018 1 HF 1770.5 A346 2001 00000028604 24/10/2018 1